Statistics for Natural World - Letter R

Click here to take the quiz!

General Stats

  • This quiz has been taken 26 times
  • The average score is 9 of 12

Answer Stats

HintAnswer% Correct
What is the name given to a male sheep?Ram
100%
What is a dried grape known as?Raisin
95%
Which plant with thick reddish or green stalks is eaten as a fruit after cooking?Rhubarb
95%
Which small thrush is known for it's red breast?Robin
91%
Which plant eating animal lives in a burrow?Rabbit
86%
Which aromatic culinary herb is a symbol of remembrance?Rosemary
82%
Which large mammal with thick folded skin and a horn lives in Asia and Africa?Rhinoceros
77%
What name is given to an animal that ferments it's food in a 4-chambered stomach?Ruminant
73%
Which large deer lives in the subarctic regions of Eurasia and North America?Reindeer
68%
Which large flightless bird of South America is related to the emu?Rhea
68%
Which small black bird is often mistaken for a crow?Rook
68%
By what other name is the Mountain Ash tree known?Rowan
36%

Score Distribution

Percentile by Number Answered

Percent of People with Each Score

Your Score History

You have not taken this quiz